000 00676nab a2200193 4500
001 244442
003 OSt
005 20230629090212.0
007 tu
008 200917s2020|||||||
040 _aDE-2950
_cDE-2950
245 0 0 _aBaklava, Labneh und Kunst.
_bGastronomie. Lava Mouslem studiert an der Viadrina, ist Künstlerin und nun auch Inhaberin eines Art-Cafés in Frankfurt. Auch Workshops will sie dort anbieten /
_cInes Weber-Rath
264 _c2023
653 _aFrankfurt (Oder)
653 _aGastronomie
653 _aArt-Café Große Scharrnstraße
773 0 _g34. Jahrgang (2023) Nr. 143 vom 22.06.2023, S. 15: mit Foto
_tMärkische Oderzeitung
942 _2z
_cA
999 _c372595
_d372595